[Event "8th EUR-ch (w)"]
[Site "Dresden GER"]
[Date "2007.04.06"]
[Round "4"]
[White "Kursova, Maria"]
[Black "Vovinkina, Natalia"]
[Result "1-0"]
[WhiteElo "2324"]
[BlackElo "2202"]
[EventDate "2007.04.03"]
[PlyCount "139"]

1.d4 d6 2.Nf3 Nd7 3.c4 g6 4.g3 Bg7 5.Bg2 e5 6.Nc3 Ne7 7.O-O O-O 8.e4 exd4 
9.Nxd4 Nc6 10.Nde2 a5 11.h3 Nc5 12.Be3 Be6 13.b3 Re8 14.f4 Nxe4 15.Bxe4 
Bxh3 16.Qd2 Qe7 17.Bf2 Bg4 18.Nd4 Qf6 19.Ndb5 Rxe4 20.Nxe4 Qf5 21.Nec3 Qh5
22.Be3 Re8 23.Rae1 Bh3 24.Qd5 Qg4 25.Bf2 Ne7 26.Qd3 Qd7 27.Re3 Bxf1 28.
Kxf1 Rd8 29.Kg2 h5 30.Re1 Nf5 31.Nd4 Nh6 32.Nf3 Nf5 33.Nd5 c6 34.Ne3 Nh6 
35.Nc2 Nf5 36.Qe2 Bf6 37.Ng5 d5 38.cxd5 cxd5 39.Qd3 d4 40.Nf3 Qd5 41.Rd1 
Rc8 42.Rd2 h4 43.g4 h3+ 44.Kxh3 Ne3 45.Nce1 Rc3 46.Qxc3 dxc3 47.Rxd5 Nxd5 
48.Kg3 Nb4 49.a3 Nd5 50.Bd4 Be7 51.a4 f6 52.f5 Bd6+ 53.Kf2 Kf7 54.Nc2 gxf5
55.gxf5 Ne7 56.Nh4 Bb4 57.Ke3 Nc8 58.Nxb4 axb4 59.Bc5 Ne7 60.Bxe7 Kxe7 61.
Nf3 Kd6 62.Nd4 Ke5 63.Kd3 Kf4 64.Nc2 Kxf5 65.Nxb4 Ke5 66.Kxc3 Kd6 67.Kd4 
f5 68.Nd3 Kc6 69.b4 Kd6 70.Nf4 1-0

[Event "8th EUR-ch (w)"]
[Site "Dresden GER"]
[Date "2007.04.06"]
[Round "4"]
[White "Schuurman, Petra"]
[Black "Shukurova, Meihriban"]
[Result "0-1"]
[WhiteElo "2295"]
[BlackElo "2193"]
[EventDate "2007.04.03"]
[PlyCount "69"]

1.Nf3 Nf6 2.c4 g6 3.Nc3 d5 4.Qa4+ c6 5.cxd5 Nxd5 6.Qd4 f6 7.e3 Bg7 8.Bc4 
e5 9.Qh4 Nb6 10.Be2 Be6 11.O-O N8d7 12.d4 f5 13.Qxd8+ Rxd8 14.dxe5 Nxe5 
15.e4 Nxf3+ 16.Bxf3 Nc4 17.Bg5 Rd7 18.Rfe1 O-O 19.Na4 Rdf7 20.Nc5 Bc8 21.
exf5 Bxf5 22.Nxb7 Rxb7 23.Bxc6 Rc7 24.Bd5+ Kh8 25.Rac1 Rfc8 26.Rxc4 Rxc4 
27.Bxc4 h6 28.Ba6 Rc6 29.Bb5 Rc5 30.Re8+ Kh7 31.Be3 Rxb5 32.Re7 Rd5 33.h3 
a6 34.g4 Bd3 35.a4 0-1

[Event "8th EUR-ch (w)"]
[Site "Dresden GER"]
[Date "2007.04.06"]
[Round "4"]
[White "Smochina, Carolina"]
[Black "Sudakova, Irina"]
[Result "1/2-1/2"]
[WhiteElo "2192"]
[BlackElo "2371"]
[EventDate "2007.04.03"]
[PlyCount "75"]

1.d4 d5 2.c4 e6 3.Nf3 c6 4.e3 Nf6 5.b3 Nbd7 6.Bd3 Bd6 7.Bb2 O-O 8.O-O Ne4 
9.Nbd2 f5 10.Ne5 Qe7 11.f3 Nxd2 12.Qxd2 Nxe5 13.dxe5 Bc5 14.f4 dxc4 15.
Bxc4 b5 16.Be2 Rd8 17.Qc1 Bb7 18.a3 a6 19.Kh1 Bb6 20.e4 fxe4 21.f5 exf5 
22.Rxf5 e3 23.Bc3 Rf8 24.Rxf8+ Rxf8 25.Bb4 c5 26.Qxe3 cxb4 27.Qxb6 Qxe5 
28.Re1 Qd5 29.Qg1 bxa3 30.Bg4 Qc6 31.b4 Re8 32.Bf3 Rxe1 33.Qxe1 Qd7 34.
Bxb7 h5 35.Bf3 a2 36.Bd1 Qf7 37.Bb3 Qxb3 38.Qe8+ 1/2-1/2

[Event "8th EUR-ch (w)"]
[Site "Dresden GER"]
[Date "2007.04.06"]
[Round "4"]
[White "Sharevich, Anna"]
[Black "Atnilov, Bela"]
[Result "1-0"]
[WhiteElo "2323"]
[BlackElo "2164"]
[EventDate "2007.04.03"]
[PlyCount "61"]

1.d4 d5 2.Nf3 Nf6 3.c4 c6 4.Nc3 e6 5.g3 Nbd7 6.Bg2 dxc4 7.O-O Be7 8.a4 O-O
9.Nd2 e5 10.e3 exd4 11.exd4 Nb6 12.a5 Nbd5 13.Nxc4 Be6 14.Qe2 Nxc3 15.bxc3
Bd5 16.Ne3 Bxg2 17.Kxg2 c5 18.Rd1 cxd4 19.cxd4 Nd5 20.Qf3 Nxe3+ 21.Bxe3 
Rb8 22.d5 a6 23.d6 Bf6 24.Bb6 Qd7 25.Rac1 Rbc8 26.Rc7 Rxc7 27.dxc7 Qc8 28.
Rd5 h6 29.Qd3 Re8 30.Rd8 Bxd8 31.cxd8=Q 1-0

[Event "8th EUR-ch (w)"]
[Site "Dresden GER"]
[Date "2007.04.06"]
[Round "4"]
[White "Benderac, Ana"]
[Black "Khudaverdieva, Afag"]
[Result "1-0"]
[WhiteElo "2314"]
[BlackElo "2163"]
[EventDate "2007.04.03"]
[PlyCount "73"]

1.d4 Nf6 2.Nf3 g6 3.Bg5 Bg7 4.Nbd2 d5 5.e3 O-O 6.Bd3 c5 7.c3 Nbd7 8.O-O b6
9.Re1 Bb7 10.e4 dxe4 11.Nxe4 Rc8 12.Qe2 Re8 13.Rad1 Qc7 14.Nxf6+ Nxf6 15.
Bb5 Bc6 16.Bxc6 Qxc6 17.Ne5 Qc7 18.d5 Rcd8 19.c4 Qd6 20.Qf3 Rc8 21.g4 Qc7 
22.Nc6 Qd7 23.h3 Qd6 24.Re3 h6 25.Bf4 Qd7 26.Rde1 e6 27.g5 Nh5 28.gxh6 
Bxb2 29.Be5 Bxe5 30.Nxe5 Qb7 31.Ng4 f5 32.Rxe6 Rxe6 33.Rxe6 fxg4 34.Rxg6+ 
Kh7 35.Qf5 Kh8 36.Qe5+ Kh7 37.Qxh5 1-0

[Event "8th EUR-ch (w)"]
[Site "Dresden GER"]
[Date "2007.04.06"]
[Round "4"]
[White "Ptacnikova, Lenka"]
[Black "Schone, Maria"]
[Result "0-1"]
[WhiteElo "2290"]
[BlackElo "2151"]
[EventDate "2007.04.03"]
[PlyCount "110"]

1.Nf3 d6 2.c4 g6 3.g3 Bg7 4.Bg2 Nf6 5.O-O O-O 6.Nc3 a6 7.d4 Nc6 8.Re1 Re8 
9.d5 Na5 10.Qd3 c5 11.e4 e5 12.dxe6 Bxe6 13.b3 Nc6 14.Bb2 Nd7 15.Qd2 Qa5 
16.Rad1 Rab8 17.Ne2 Qxd2 18.Rxd2 Bxb2 19.Rxb2 Bg4 20.Nc3 Bxf3 21.Bxf3 Nde5
22.Be2 Nd4 23.Kg2 Kg7 24.Bf1 Nec6 25.Rd1 f6 26.Rbd2 Kf7 27.Be2 Re7 28.Bd3 
Nb4 29.Bb1 b5 30.cxb5 axb5 31.Rxd4 cxd4 32.Rxd4 Rc7 33.Ne2 Nxa2 34.Bxa2 
Rc2 35.Nf4 Rxa2 36.Rxd6 Ke7 37.Rc6 Rb2 38.b4 Kd7 39.Rxf6 Rxb4 40.e5 Re4 
41.Rd6+ Ke8 42.e6 Rxf4 43.gxf4 b4 44.Rd2 b3 45.Rb2 Ke7 46.Kf3 Kxe6 47.Kg4 
Kf6 48.h4 h5+ 49.Kg3 Kf5 50.Kf3 Rb6 51.Kg3 Rb4 52.Kf3 Rxf4+ 53.Kg3 Rg4+ 
54.Kh3 Rb4 55.Kg3 Ke4 0-1

[Event "8th EUR-ch (w)"]
[Site "Dresden GER"]
[Date "2007.04.06"]
[Round "4"]
[White "Dolzhikova, Kateryna"]
[Black "Fuchs, Judith"]
[Result "1-0"]
[WhiteElo "2282"]
[BlackElo "2132"]
[EventDate "2007.04.03"]
[PlyCount "79"]

1.d4 Nf6 2.c4 g6 3.Nc3 Bg7 4.e4 d6 5.h3 O-O 6.Bg5 a6 7.Nf3 c5 8.Qd2 Re8 9.
Rd1 cxd4 10.Nxd4 b6 11.Bd3 Bb7 12.O-O Nbd7 13.Rfe1 Rc8 14.b3 Qc7 15.Rc1 
Qb8 16.Bf1 Nc5 17.f3 Ncd7 18.Be3 Nh5 19.Qf2 Be5 20.Nde2 Nc5 21.Red1 Bg7 
22.Nd5 Bxd5 23.cxd5 Nf6 24.Nd4 Qb7 25.b4 Ncd7 26.Rxc8 Rxc8 27.Nc6 Kf8 28.
b5 a5 29.a4 Re8 30.Bd3 Kg8 31.Bb1 Bh8 32.f4 Nc5 33.Bxc5 dxc5 34.e5 Nd7 35.
d6 exd6 36.Rxd6 Bg7 37.Qd2 Nf8 38.Rd8 Rxd8 39.Nxd8 Qe7 40.Ba2 1-0

[Event "8th EUR-ch (w)"]
[Site "Dresden GER"]
[Date "2007.04.06"]
[Round "4"]
[White "Tsoganova, Monika"]
[Black "Cherednichenko, Svetlana"]
[Result "1/2-1/2"]
[WhiteElo "2185"]
[BlackElo "2280"]
[EventDate "2007.04.03"]
[PlyCount "157"]

1.e4 e6 2.d4 d5 3.Nd2 dxe4 4.Nxe4 Nd7 5.Nf3 Ngf6 6.Nxf6+ Nxf6 7.Bd3 c5 8.
c3 cxd4 9.cxd4 Be7 10.O-O O-O 11.Ne5 Qd5 12.Bc4 Qa5 13.Qe2 Nd5 14.Rd1 Qc7 
15.Bd2 Qd6 16.Rac1 b6 17.a3 Bb7 18.Qg4 Bf6 19.Qg3 Rfd8 20.Bh6 Kf8 21.Bd2 
a5 22.Bb5 Rac8 23.Rxc8 Bxc8 24.Qh3 h6 25.Qh5 Bxe5 26.dxe5 Qc5 27.Bd3 Bb7 
28.Qh4 Ne7 29.Bc3 Qd5 30.f3 Qc5+ 31.Qf2 Qxf2+ 32.Kxf2 Ba6 33.Bc2 Rxd1 34.
Bxd1 Nd5 35.Bd4 Bc4 36.Bc2 Ba6 37.Be4 b5 38.Bd3 a4 39.g3 Ke7 40.Bc5+ Ke8 
41.h4 h5 42.Bf1 Kd7 43.g4 Kc6 44.Bf8 g6 45.Bd3 Nb6 46.Be4+ Kc7 47.gxh5 
gxh5 48.Bb4 Nd5 49.Bd2 Ne7 50.Ba5+ Kd7 51.Kg3 Nf5+ 52.Kh3 Kc8 53.Bc6 Bb7 
54.Bxb5 Bxf3 55.Bxa4 Bg4+ 56.Kg2 Nxh4+ 57.Kg3 Ng6 58.Bc3 Bf5 59.Be8 h4+ 
60.Kh2 Nf4 61.b4 Kd8 62.Bc6 Kc7 63.b5 Nd5 64.Ba5+ Kb8 65.Bd8 h3 66.Be8 Ne3
67.Bc6 Ng4+ 68.Kg3 Nxe5 69.Bh1 Nd3 70.a4 e5 71.a5 e4 72.Bg5 Kb7 73.Be3 Nb4
74.a6+ Nxa6 75.bxa6+ Kxa6 76.Kf4 Bg6 77.Kg4 Kb5 78.Kxh3 Kc4 79.Kg3 1/2-1/2

[Event "8th EUR-ch (w)"]
[Site "Dresden GER"]
[Date "2007.04.06"]
[Round "4"]
[White "Pertlova, Sona"]
[Black "Srebrnic, Ana"]
[Result "1/2-1/2"]
[WhiteElo "2171"]
[BlackElo "2262"]
[EventDate "2007.04.03"]
[PlyCount "67"]

1.d4 Nf6 2.Nf3 g6 3.g3 Bg7 4.c4 c5 5.Bg2 Qa5+ 6.Nc3 Ne4 7.Bd2 Nxd2 8.Qxd2 
cxd4 9.Nxd4 Nc6 10.e3 Nxd4 11.exd4 O-O 12.O-O d6 13.Rfe1 e6 14.Rad1 Rb8 
15.b3 a6 16.Ne4 Qxd2 17.Rxd2 Rd8 18.c5 d5 19.Nc3 Bd7 20.Ne2 b6 21.Rc1 Bb5 
22.Bf1 bxc5 23.dxc5 d4 24.c6 Rbc8 25.c7 Rd7 26.a4 Bxe2 27.Bxe2 a5 28.Rdc2 
d3 29.Rd2 Bh6 30.f4 Rdxc7 31.Rxc7 Rxc7 32.Rxd3 Bf8 33.Rd8 Kg7 34.Bc4 
1/2-1/2

[Event "8th EUR-ch (w)"]
[Site "Dresden GER"]
[Date "2007.04.06"]
[Round "4"]
[White "Stiri, Alexandra"]
[Black "Danelia, Mariam"]
[Result "1-0"]
[WhiteElo "2258"]
[BlackElo "2056"]
[EventDate "2007.04.03"]
[PlyCount "81"]

1.e4 c5 2.Nf3 d6 3.d4 cxd4 4.Nxd4 Nf6 5.Nc3 a6 6.Bc4 e6 7.Bb3 Nc6 8.Be3 
Be7 9.Qe2 O-O 10.O-O-O Qc7 11.f3 Na5 12.g4 b5 13.g5 Nxb3+ 14.axb3 Nd7 15.
h4 b4 16.Na4 Nc5 17.Qc4 e5 18.Nf5 Be6 19.Nxe7+ Qxe7 20.Qxb4 Rab8 21.Qa3 
Nxb3+ 22.Kb1 Na5 23.Qxd6 Qxd6 24.Rxd6 Nc4 25.Rd3 Rb4 26.b3 Rc8 27.Rhd1 
Rbb8 28.Ba7 Na3+ 29.Kb2 Nc4+ 30.Ka1 Ra8 31.bxc4 Bxc4 32.Rd6 Rf8 33.Nb6 Be2
34.Nxa8 Bxd1 35.Rxd1 Rxa8 36.Bb6 f6 37.gxf6 gxf6 38.Rd7 Rc8 39.Bc7 Kh8 40.
c4 Rg8 41.Rd8 1-0

[Event "8th EUR-ch (w)"]
[Site "Dresden GER"]
[Date "2007.04.06"]
[Round "4"]
[White "Ohme, Melanie"]
[Black "Von Herman, Brigitte"]
[Result "0-1"]
[WhiteElo "2225"]
[BlackElo "2070"]
[EventDate "2007.04.03"]
[PlyCount "78"]

1.e4 e5 2.Bc4 Nf6 3.d3 Bc5 4.Nf3 d6 5.O-O Qe7 6.c3 Bb6 7.Nbd2 Nbd7 8.Bb3 
c6 9.Nc4 Bc7 10.Ne3 Nc5 11.Bc2 a5 12.Nh4 g6 13.g3 Bh3 14.Re1 O-O 15.Nhg2 
Qd7 16.Kh1 Rad8 17.f4 Ng4 18.Qf3 f5 19.exf5 gxf5 20.Nxg4 Bxg4 21.Qf2 Rde8 
22.fxe5 Bb6 23.Be3 Rxe5 24.b4 axb4 25.cxb4 Rxe3 26.Qxe3 f4 27.gxf4 Na4 28.
Qg3 Kh8 29.Qh4 Qg7 30.Re7 Qxa1+ 31.Re1 Qg7 32.Bxa4 Rg8 33.Qg3 Qb2 34.d4 
Bxd4 35.Qd3 Bf5 36.Qe2 Qc3 37.Bd1 d5 38.Nh4 Be4+ 39.Nf3 Bxf3+ 0-1

[Event "8th EUR-ch (w)"]
[Site "Dresden GER"]
[Date "2007.04.06"]
[Round "4"]
[White "Padurariu, Ioana-Smaranda"]
[Black "Foisor, Mihaela-Veronica"]
[Result "1/2-1/2"]
[WhiteElo "2223"]
[BlackElo "1980"]
[EventDate "2007.04.03"]
[PlyCount "81"]

1.e4 c5 2.Nc3 e6 3.Nf3 d6 4.Bb5+ Bd7 5.a4 Bc6 6.d4 cxd4 7.Nxd4 Nf6 8.O-O 
a6 9.Nxc6 bxc6 10.Be2 Be7 11.Be3 Nbd7 12.f4 Qc7 13.Qd2 O-O 14.a5 Rfd8 15.
Bf3 Rab8 16.Na4 c5 17.c3 d5 18.e5 Ne8 19.Be2 c4 20.b4 cxb3 21.Bxa6 Nc5 22.
Nxc5 Bxc5 23.Rfb1 Qa7 24.Bxc5 Qxc5+ 25.Qd4 Qc6 26.Be2 Nc7 27.a6 Nb5 28.
Bxb5 Rxb5 29.a7 Ra8 30.Ra3 Qb7 31.Qa4 h6 32.g3 Qb6+ 33.Kg2 Kh7 34.h4 h5 
35.Rb2 g6 36.Kf3 Kg7 37.Rbxb3 Rxb3 38.Qxb3 Qxb3 39.Rxb3 Rxa7 40.Ke3 Ra2 
41.Rb8 1/2-1/2

[Event "8th EUR-ch (w)"]
[Site "Dresden GER"]
[Date "2007.04.06"]
[Round "4"]
[White "Norinkeviciute, Rasa"]
[Black "Richards, Heather"]
[Result "1-0"]
[WhiteElo "2048"]
[BlackElo "2220"]
[EventDate "2007.04.03"]
[PlyCount "93"]

1.c4 e6 2.g3 c5 3.Bg2 Nc6 4.Nf3 Nf6 5.O-O Be7 6.Nc3 O-O 7.d4 d5 8.cxd5 
exd5 9.b3 Re8 10.Bb2 Bg4 11.dxc5 Bxc5 12.h3 Bf5 13.Rc1 a6 14.Na4 Ba7 15.e3
Nb4 16.Nd4 Bd3 17.a3 Bxf1 18.Qxf1 Nc6 19.Nxc6 bxc6 20.Rxc6 d4 21.Bxd4 Bxd4
22.exd4 Qxd4 23.Rc4 Qd2 24.Bxa8 Re1 25.Rc8+ Ne8 26.Kg2 g6 27.Qxa6 Kg7 28.
Qc4 Qd1 29.Qc3+ Kh6 30.Qf3 Qd7 31.Qg4 Qd3 32.Qc4 Qd1 33.Nc3 Qd7 34.Qh4+ 
Kg7 35.Qd8 Qe6 36.Qd4+ Kh6 37.Qc4 Qe7 38.Qh4+ Qxh4 39.gxh4 Nd6 40.Rd8 Nf5 
41.h5 Kxh5 42.Rd1 Nh4+ 43.Kh2 Re7 44.a4 Rc7 45.Rd3 Rc5 46.Rd5+ Rxd5 47.
Bxd5 1-0

[Event "8th EUR-ch (w)"]
[Site "Dresden GER"]
[Date "2007.04.06"]
[Round "4"]
[White "Nagel, Verena"]
[Black "Makka, Ioulia"]
[Result "1-0"]
[WhiteElo "2079"]
[BlackElo "2185"]
[EventDate "2007.04.03"]
[PlyCount "117"]

1.d4 e6 2.Nf3 Nf6 3.Bf4 b6 4.e3 Bb7 5.Nbd2 Be7 6.Bd3 d5 7.c3 Nbd7 8.Rc1 
Ne4 9.h3 O-O 10.Ne5 Nxe5 11.Bxe5 f6 12.Bh2 f5 13.O-O c5 14.Nf3 Qe8 15.Ne5 
Nf6 16.b3 a5 17.Qe2 Qc8 18.Bb5 Bd6 19.Rfd1 Ba6 20.Bf4 Bxb5 21.Qxb5 Bxe5 
22.Bxe5 Nd7 23.Bd6 Rf7 24.c4 dxc4 25.Rxc4 Ra6 26.dxc5 bxc5 27.Bxc5 Rc6 28.
Ba3 Rxc4 29.bxc4 h6 30.c5 Ne5 31.c6 Ng6 32.Qb6 Rc7 33.Qxa5 Kh7 34.Rc1 Rxc6
35.Rxc6 Qxc6 36.Qc5 Qe4 37.Qb4 Qd5 38.Qb3 Qd2 39.Qb2 Qd5 40.Bb4 Nh4 41.f3 
Ng6 42.a3 f4 43.exf4 Nxf4 44.Qc2+ Kg8 45.Qd2 Qc4 46.Qe3 Nd3 47.Bd6 Qd5 48.
Bg3 Qc4 49.a4 Nc5 50.a5 Qb5 51.Bd6 Qb1+ 52.Kh2 Nb7 53.Qxe6+ Kh7 54.Bc7 
Nxa5 55.Bxa5 Qb8+ 56.Kh1 Qb1+ 57.Qe1 Qb5 58.Bc3 Qg5 59.Qe5 1-0

[Event "8th EUR-ch (w)"]
[Site "Dresden GER"]
[Date "2007.04.06"]
[Round "4"]
[White "Isgandarova, Khayala"]
[Black "Bakalarz, Grazyna"]
[Result "1-0"]
[WhiteElo "2155"]
[BlackElo "2081"]
[EventDate "2007.04.03"]
[PlyCount "83"]

1.e4 g6 2.d4 Bg7 3.Nc3 c6 4.f4 d5 5.Nf3 dxe4 6.Nxe4 Bg4 7.c3 Nd7 8.Bc4 
Ngf6 9.Nf2 Bxf3 10.Qxf3 e6 11.O-O O-O 12.b3 Nb6 13.Ba3 Nxc4 14.bxc4 Re8 
15.g4 Bf8 16.Bb2 Qa5 17.Nd3 Rad8 18.a4 Qc7 19.c5 b6 20.cxb6 axb6 21.c4 Bg7
22.Ne5 c5 23.Rad1 cxd4 24.Bxd4 Nd7 25.Qf2 Nc5 26.a5 Bf8 27.axb6 Qxb6 28.f5
exf5 29.gxf5 Rxe5 30.Bxe5 Rxd1 31.Rxd1 Qc6 32.fxg6 Qxg6+ 33.Kh1 Qe4+ 34.
Qg2+ Qxg2+ 35.Kxg2 Ne6 36.Kf3 f5 37.Bd6 Bh6 38.c5 Kf7 39.c6 Ng5+ 40.Kg2 
Ke6 41.c7 Kd7 42.Bf4+ 1-0

[Event "8th EUR-ch (w)"]
[Site "Dresden GER"]
[Date "2007.04.06"]
[Round "4"]
[White "Sokalska, Viktorija"]
[Black "Sokalskaya, Elena"]
[Result "1/2-1/2"]
[WhiteElo "2045"]
[BlackElo "2147"]
[EventDate "2007.04.03"]
[PlyCount "31"]

1.e4 c5 2.c3 d5 3.exd5 Qxd5 4.d4 Nf6 5.Nf3 Bg4 6.dxc5 Qxc5 7.Be3 Qc7 8.
Bb5+ Nc6 9.Nbd2 e6 10.O-O Bd6 11.h3 Bxf3 12.Qxf3 O-O 13.Bxc6 Qxc6 14.Qxc6 
bxc6 15.Nf3 Nd5 16.Rfe1 1/2-1/2

[Event "8th EUR-ch (w)"]
[Site "Dresden GER"]
[Date "2007.04.06"]
[Round "4"]
[White "Schulz, Stefanie"]
[Black "Sautter, Elke"]
[Result "1-0"]
[WhiteElo "2117"]
[BlackElo "2046"]
[EventDate "2007.04.03"]
[PlyCount "75"]

1.e4 e6 2.d3 d5 3.Nd2 c5 4.Ngf3 Nc6 5.g3 g6 6.Bg2 Bg7 7.O-O Nge7 8.c3 h6 
9.Rb1 d4 10.cxd4 Nxd4 11.Nxd4 Bxd4 12.Nb3 e5 13.Nxd4 Qxd4 14.Be3 Qd6 15.
Qd2 g5 16.Rfc1 b6 17.b4 cxb4 18.Rxb4 O-O 19.f4 f6 20.Rbc4 Ba6 21.R4c3 Rfd8
22.a4 Rac8 23.Rxc8 Bxc8 24.a5 Ba6 25.axb6 Qa3 26.Bc5 Qa4 27.Bxe7 Rxd3 28.
Qf2 Rd1+ 29.Rxd1 Qxd1+ 30.Bf1 Bxf1 31.Qxf1 Qd4+ 32.Qf2 Qxb6 33.Qxb6 axb6 
34.Bxf6 exf4 35.gxf4 gxf4 36.Kf2 Kf7 37.Bd4 b5 38.Kf3 1-0

[Event "8th EUR-ch (w)"]
[Site "Dresden GER"]
[Date "2007.04.06"]
[Round "4"]
[White "Rolli, Corinne"]
[Black "Shmirina, Galina"]
[Result "1/2-1/2"]
[WhiteElo "2009"]
[BlackElo "2115"]
[EventDate "2007.04.03"]
[PlyCount "119"]

1.d4 d5 2.Nf3 Nf6 3.c4 e6 4.Nc3 Be7 5.Bg5 O-O 6.e3 Nbd7 7.Rc1 h6 8.Bh4 b6 
9.cxd5 exd5 10.Nb5 Bb4+ 11.Nc3 Bb7 12.Be2 Be7 13.O-O c5 14.Ne5 cxd4 15.
exd4 Rc8 16.f4 Ne4 17.Nxe4 Rxc1 18.Qxc1 Nxe5 19.dxe5 dxe4 20.Bf2 Qc8 21.
Bc4 Qc6 22.Be3 Bc5 23.b3 Rd8 24.f5 b5 25.Bxf7+ Kxf7 26.Qxc5 Qxc5 27.Bxc5 
Rd2 28.Be3 Rd5 29.Bf4 e3 30.Re1 Rd2 31.Rxe3 Rxg2+ 32.Kf1 Rxa2 33.e6+ Ke8 
34.Rc3 Be4 35.Bd6 Rc2 36.Re3 Bxf5 37.e7 a5 38.Re5 Bd3+ 39.Kg1 Rc6 40.Bc5 
Rc8 41.Bb6 Rc1+ 42.Kf2 Rc2+ 43.Kf3 Rxh2 44.Bxa5 Rb2 45.b4 Bc4 46.Re1 Rd2 
47.Bb6 Rd6 48.Bc5 Re6 49.Rg1 g5 50.Kg4 Kf7 51.Rg2 Bd5 52.Rf2+ Kg6 53.Rf8 
h5+ 54.Kg3 Rc6 55.Rc8 Kf7 56.Rh8 Kg7 57.Rg8+ Kf6 58.Rf8+ Kg6 59.Rg8+ Kf6 
60.Rf8+ 1/2-1/2

[Event "8th EUR-ch (w)"]
[Site "Dresden GER"]
[Date "2007.04.06"]
[Round "4"]
[White "Ziemann, Nadine"]
[Black "Shmirina, Evgenija"]
[Result "1/2-1/2"]
[WhiteElo "1989"]
[BlackElo "2112"]
[EventDate "2007.04.03"]
[PlyCount "41"]

1.e4 e5 2.d4 d5 3.exd5 exd4 4.Nf3 Bd6 5.c4 dxc3 6.Bc4 Nf6 7.h3 O-O 8.O-O 
c6 9.Nxc3 Nbd7 10.Re1 Nb6 11.Bd3 Nbxd5 12.Ng5 Nf4 13.Bc4 Qd7 14.Qf3 Ng6 
15.Nge4 Nxe4 16.Rxe4 b5 17.Bb3 Bb7 18.Qg4 Qc7 19.Re1 Rad8 20.Bg5 Be7 21.
Bxe7 1/2-1/2

[Event "8th EUR-ch (w)"]
[Site "Dresden GER"]
[Date "2007.04.06"]
[Round "4"]
[White "Hafenstein, Andrea"]
[Black "Lauterbach, Ingrid"]
[Result "0-1"]
[WhiteElo "1945"]
[BlackElo "2142"]
[EventDate "2007.04.03"]
[PlyCount "60"]

1.e4 c5 2.d4 cxd4 3.Qxd4 Nc6 4.Qe3 g6 5.Bd2 Bg7 6.Bc3 Nf6 7.h3 O-O 8.Bd3 
d5 9.Ne2 e5 10.exd5 Nxd5 11.Qc1 Nxc3 12.bxc3 Be6 13.O-O Qc7 14.a4 a6 15.
Ng3 f5 16.Re1 Na5 17.Qa3 Rae8 18.Bf1 e4 19.Qb4 e3 20.Nh1 exf2+ 21.Nxf2 Bc4
22.Bxc4+ Nxc4 23.Rd1 Ne3 24.Rd2 Nxc2 25.Qb3+ Kh8 26.Nd3 Nxa1 27.Qa2 Qb6+ 
28.Kh1 Nb3 29.Rb2 Qe3 30.Qxb3 Qxd3 0-1

[Event "8th EUR-ch (w)"]
[Site "Dresden GER"]
[Date "2007.04.06"]
[Round "4"]
[White "Wilson, Alexandra"]
[Black "Katte, Isabel"]
[Result "1/2-1/2"]
[WhiteElo "2034"]
[BlackElo "1947"]
[EventDate "2007.04.03"]
[PlyCount "97"]

1.e4 e5 2.Nf3 Nf6 3.d4 Nxe4 4.dxe5 d5 5.Nbd2 Nc5 6.Nb3 Nxb3 7.axb3 Be6 8.
Bd3 Be7 9.O-O O-O 10.Nd4 Qd7 11.Qh5 g6 12.Qe2 Bg4 13.f3 Bc5 14.c3 Bf5 15.
Kh1 Bxd3 16.Qxd3 Nc6 17.Nxc6 Qxc6 18.b4 Bb6 19.Bg5 Qe6 20.f4 c6 21.Qg3 Qf5
22.Rae1 Bd8 23.Rf3 Re8 24.Bxd8 Raxd8 25.Qh4 h5 26.h3 Kg7 27.Rg3 f6 28.Rf3 
a6 29.Kg1 d4 30.g4 hxg4 31.hxg4 Qe6 32.cxd4 f5 33.gxf5 Qxf5 34.Rh3 Rh8 35.
Qe7+ Qf7 36.Qxf7+ Kxf7 37.Rxh8 Rxh8 38.Kg2 Ke6 39.Kf3 Rh3+ 40.Ke4 Rh2 41.
Rg1 Kf7 42.b3 Re2+ 43.Kd3 Rf2 44.Rg4 Rf3+ 45.Kc4 b6 46.d5 cxd5+ 47.Kxd5 
Rd3+ 48.Kc4 Rf3 49.Rh4 1/2-1/2

[Event "8th EUR-ch (w)"]
[Site "Dresden GER"]
[Date "2007.04.07"]
[Round "5"]
[White "Mamedyarova, Zeinab"]
[Black "Kosintseva, Tatiana"]
[Result "0-1"]
[WhiteElo "2354"]
[BlackElo "2459"]
[EventDate "2007.04.03"]
[PlyCount "70"]

1.d4 Nf6 2.c4 e6 3.Nf3 d5 4.Nc3 Bb4 5.Bf4 O-O 6.Qb3 c5 7.dxc5 Nc6 8.e3 Ne4
9.a3 Qa5 10.Rc1 Bxc3+ 11.bxc3 Nxc5 12.Qb2 b6 13.Nd4 Bd7 14.cxd5 Nxd4 15.
exd4 Na4 16.Qb3 exd5 17.Bd6 Rfe8+ 18.Kd2 b5 19.Qxd5 Rac8 20.Bb4 Qd8 21.Qh5
Qf6 22.Qf3 Qg5+ 23.Kc2 Bc6 24.Qg3 Qd5 25.Kd2 Qa2+ 26.Rc2 Qb1 27.Rc1 Qb2+ 
28.Rc2 Qa1 29.f3 a5 30.Bd6 Bd5 31.Bxb5 Qxh1 32.Rc1 Qxc1+ 33.Kxc1 Nxc3 34.
Kd2 Nb1+ 35.Kd1 Bb3# 0-1

[Event "8th EUR-ch (w)"]
[Site "Dresden GER"]
[Date "2007.04.07"]
[Round "5"]
[White "Dzagnidze, Nana"]
[Black "Hoang Thanh Trang"]
[Result "0-1"]
[WhiteElo "2435"]
[BlackElo "2472"]
[EventDate "2007.04.03"]
[PlyCount "150"]

1.d4 e6 2.c4 f5 3.Nc3 Nf6 4.Bf4 Bb4 5.Nf3 Ne4 6.Qc2 O-O 7.g3 b6 8.Bg2 Bb7 
9.O-O Nxc3 10.bxc3 Be4 11.Qb2 Bd6 12.Rad1 Qc8 13.Rfe1 Nc6 14.Bxd6 cxd6 15.
Qa3 Qc7 16.d5 Na5 17.dxe6 Nxc4 18.Qb3 dxe6 19.Ng5 Rae8 20.Nxe4 fxe4 21.
Bxe4 d5 22.Bg2 Qc5 23.e3 Rc8 24.Qb4 Nd6 25.Rd2 Qxc3 26.Qxc3 Rxc3 27.e4 
Nxe4 28.Bxe4 dxe4 29.Rxe4 Rc6 30.Rd7 Rc1+ 31.Kg2 Rc2 32.Rxe6 Rxa2 33.Ree7 
Raxf2+ 34.Kg1 R2f7 35.Rxa7 Rxe7 36.Rxe7 Rb8 37.Kf2 b5 38.Ke3 b4 39.Kd2 h6 
40.Kc2 Kh7 41.Kb3 Kg6 42.Re4 Kf5 43.Rf4+ Ke5 44.Rg4 g5 45.h4 Kf5 46.Rd4 
Rb6 47.hxg5 hxg5 48.Kb2 b3 49.Rc4 Kg6 50.g4 Kf6 51.Rd4 Ke5 52.Rc4 Rb5 53.
Ra4 Rd5 54.Kc3 Rd1 55.Kxb3 Rd4 56.Ra5+ Kf4 57.Kc3 Rd8 58.Ra4+ Kf3 59.Kc2 
Rf8 60.Kd2 Rf4 61.Ra5 Kxg4 62.Ke2 Kh4 63.Ke3 Rf8 64.Ra1 g4 65.Ra7 Kg3 66.
Re7 Kg2 67.Ke2 g3 68.Re6 Kg1 69.Rg6 g2 70.Rh6 Re8+ 71.Kd2 Re5 72.Rh8 Kf2 
73.Rf8+ Kg3 74.Rg8+ Kf3 75.Rg7 Re4 0-1

[Event "8th EUR-ch (w)"]
[Site "Dresden GER"]
[Date "2007.04.07"]
[Round "5"]
[White "Lahno, Kateryna"]
[Black "Atalik, Ekaterina"]
[Result "0-1"]
[WhiteElo "2467"]
[BlackElo "2374"]
[EventDate "2007.04.03"]
[PlyCount "76"]

1.e4 c5 2.Nf3 d6 3.d4 cxd4 4.Nxd4 Nf6 5.Nc3 Nc6 6.Bg5 Bd7 7.Qd2 Rc8 8.f4 
Nxd4 9.Qxd4 Qa5 10.e5 dxe5 11.fxe5 e6 12.O-O-O Bc6 13.Nb5 Bxb5 14.exf6 Bc6
15.h4 g6 16.Bc4 Bc5 17.Qg4 h5 18.Qe2 O-O 19.Rhf1 Bb6 20.Bh6 Bxg2 21.Qxg2 
Rxc4 22.Bxf8 Qxa2 23.Bh6 Qa1+ 24.Kd2 Qxb2 25.Ke1 Qe5+ 26.Qe2 Re4 27.Qxe4 
Qxe4+ 28.Kd2 Ba5+ 29.c3 Qd4+ 30.Ke2 Qe5+ 31.Be3 Bb6 32.Rd3 Bxe3 33.Rxe3 
Qh2+ 34.Rf2 Qxh4 35.Rd3 Qc4 36.Ke3 e5 37.Rd8+ Kh7 38.Rd7 Qc5+ 0-1

[Event "8th EUR-ch (w)"]
[Site "Dresden GER"]
[Date "2007.04.07"]
[Round "5"]
[White "Korbut, Ekaterina"]
[Black "Kosintseva, Nadezhda"]
[Result "0-1"]
[WhiteElo "2429"]
[BlackElo "2475"]
[EventDate "2007.04.03"]
[PlyCount "84"]

1.e4 e5 2.Bc4 Nc6 3.d3 Nf6 4.Nc3 Bc5 5.f4 d6 6.Nf3 Bg4 7.Na4 O-O 8.Nxc5 
dxc5 9.c3 exf4 10.Bxf4 Nh5 11.Be3 Ne5 12.Bxc5 Nxc4 13.dxc4 Qxd1+ 14.Rxd1 
Rfe8 15.O-O Nf6 16.e5 Nd7 17.h3 Bxh3 18.Bf2 Bg4 19.Rd4 h5 20.Bg3 Nc5 21.
Ng5 Re7 22.Rf2 Rae8 23.Ne4 Ne6 24.Rd5 Nf8 25.Nc5 a6 26.Rd4 Ng6 27.Nd3 b6 
28.b3 Rd7 29.Rxd7 Bxd7 30.Kf1 Bg4 31.Rd2 c5 32.b4 Be6 33.Nb2 Rc8 34.b5 Kf8
35.Ke1 Ke7 36.a3 h4 37.Bh2 Rh8 38.Re2 h3 39.gxh3 Rxh3 40.Kd2 Nh4 41.Bf4 
Nf3+ 42.Kc2 Bf5+ 0-1

[Event "8th EUR-ch (w)"]
[Site "Dresden GER"]
[Date "2007.04.07"]
[Round "5"]
[White "Vasylevich, Tatiana"]
[Black "Khurtsidze, Nino"]
[Result "1/2-1/2"]
[WhiteElo "2383"]
[BlackElo "2469"]
[EventDate "2007.04.03"]
[PlyCount "36"]

1.d4 Nf6 2.c4 e6 3.g3 d5 4.Nf3 Bb4+ 5.Bd2 Be7 6.Bg2 c6 7.O-O O-O 8.Qc2 
Nbd7 9.Rd1 b6 10.b3 Bb7 11.Nc3 Rc8 12.e4 c5 13.exd5 exd5 14.Nxd5 Nxd5 15.
cxd5 cxd4 16.Qf5 g6 17.Qf4 Ne5 18.Qxd4 Bxd5 1/2-1/2

[Event "8th EUR-ch (w)"]
[Site "Dresden GER"]
[Date "2007.04.07"]
[Round "5"]
[White "Michna, Marta"]
[Black "Kovalevskaya, Ekaterina"]
[Result "1-0"]
[WhiteElo "2355"]
[BlackElo "2432"]
[EventDate "2007.04.03"]
[PlyCount "109"]

1.e4 c5 2.b3 d6 3.Bb2 Nf6 4.Bb5+ Nbd7 5.d3 e5 6.a4 Be7 7.Nc3 O-O 8.Nge2 
Nb8 9.O-O a6 10.Bc4 Nc6 11.Qd2 Rb8 12.f4 Bg4 13.Ng3 Nd4 14.a5 Be6 15.Nd5 
Bxd5 16.exd5 exf4 17.Rxf4 Nd7 18.c3 Nb5 19.Rf5 g6 20.Qh6 f6 21.d4 cxd4 22.
cxd4 Rf7 23.Rf2 f5 24.Ne4 Rg7 25.Nc5 Bg5 26.Qxg7+ Kxg7 27.Ne6+ Kf7 28.
Nxd8+ Bxd8 29.g4 Nc7 30.gxf5 g5 31.Re1 Nf6 32.Ba3 Nce8 33.Re6 Bxa5 34.Bxd6
Nxd6 35.Rxd6 Bc3 36.Re2 Bxd4+ 37.Kf1 Bc5 38.Rde6 b5 39.Bd3 Nxd5 40.R2e5 
Rd8 41.Be4 Ne3+ 42.Ke2 Bd4 43.Re7+ Kf8 44.R5e6 Ng4 45.Rxh7 Bc3 46.Bd3 Bg7 
47.Rh5 Ne5 48.Rh3 Nd7 49.Rxa6 Nc5 50.Rg6 g4 51.Rh7 Re8+ 52.Kd1 Be5 53.Bxb5
Ra8 54.Bc4 Ra1+ 55.Ke2 1-0